Agricultural waste (Record no. 109576)
[ view plain ]
| 000 -LEADER | |
|---|---|
| fixed length control field | 01011cad a22002295a 4500 |
| 001 - CONTROL NUMBER | |
| control field | E147475 |
| 008 - FIXED-LENGTH DATA ELEMENTS--GENERAL INFORMATION | |
| fixed length control field | 090514s2007 xxkao f 000 0 eng d |
| 035 ## - SYSTEM CONTROL NUMBER | |
| System control number | (Sirsi) u147475 |
| 041 0# - LANGUAGE CODE | |
| Language code of text/sound track or separate title | eng |
| 050 04 - LIBRARY OF CONGRESS CALL NUMBER | |
| Classification number | 614.76 $2 18 |
| 110 2# - MAIN ENTRY--CORPORATE NAME | |
| Corporate name or jurisdiction name as entry element | Scottish Environment Protection Agency |
| 9 (RLIN) | 3523 |
| 245 00 - TITLE STATEMENT | |
| Title | Agricultural waste |
| Medium | [electronic resource] |
| 260 ## - PUBLICATION, DISTRIBUTION, ETC. | |
| Place of publication, distribution, etc. | [Stirling] |
| Name of publisher, distributor, etc. | SEPA |
| Date of publication, distribution, etc. | [2007] |
| 520 ## - SUMMARY, ETC. | |
| Summary, etc. | Offers advice to farmers on dealing with waste following the Waste (Scotland) Regulations 2005, which were introduced on 21 January 2005. Highlights the main areas of interest, including agricultural waste production; manure and slurry; the burning of agricultural waste; and farm tips. |
| 521 ## - TARGET AUDIENCE NOTE | |
| Target audience note | Introductory |
| 590 ## - LOCAL NOTE (RLIN) | |
| Local note | KA |
| 650 24 - SUBJECT ADDED ENTRY--TOPICAL TERM | |
| Topical term or geographic name entry element | WASTE (SCOTLAND) REGULATIONS 2005 |
| 651 #4 - SUBJECT ADDED ENTRY--GEOGRAPHIC NAME | |
| Geographic name | Scotland |
| Chronological subdivision | 1999- |
| 690 ## - LOCAL SUBJECT ADDED ENTRY--TOPICAL TERM (OCLC, RLIN) | |
| Topical term or geographic name as entry element | ENVIRONMENTAL AND LAND CONSULTANCY-WASTE MANAGEMENT |
| 856 40 - ELECTRONIC LOCATION AND ACCESS | |
| Uniform Resource Identifier | <a href="https://www.sepa.org.uk/land/land_publications.aspx">https://www.sepa.org.uk/land/land_publications.aspx</a> |
| Public note | View the guide free of charge at www.sepa.org.uk... |
| 942 ## - ADDED ENTRY ELEMENTS (KOHA) | |
| Suppress in OPAC | 0 |
| Withdrawn status | Lost status | Source of classification or shelving scheme | Damaged status | Not for loan | Home library | Current library | Shelving location | Date acquired | Total Checkouts | Full call number | Barcode | Date last seen | Copy number | Price effective from | Koha item type |
|---|---|---|---|---|---|---|---|---|---|---|---|---|---|---|---|
| Dewey Decimal Classification | Virtual | Virtual | Online | 14/05/2009 | ONLINE PUBLICATION | 147475-2001 | 06/08/2019 | 1 | 06/08/2019 | Book |